000 00714nam a22002177a 4500
003 AM-YeHGA
005 20250617154259.0
008 180712b ||||| |||| 00| 0 rus d
040 _aAM-YeHGA
041 0 _arus
100 1 _aОстровский, Александр Николаевич
245 1 0 _aГроза ;
_bЛес /
_cА.Н. Островский.
260 _aМосква ;
_aЛенинград :
_bГослитиздат,
_c1949.
300 _a152 с.
653 0 _aКупечество в России (х. л.)
653 0 _aЖенщина в России (х. л.)
653 0 _aДворянство в России (х. л.)
740 0 2 _aЛес
942 _2udc
_cBK
090 _c410772
999 _c408503
_d408503